| 000 | 00696cam a22002052 4500 | ||
|---|---|---|---|
| 001 | 0000004110 | ||
| 005 | 20151217145754.0 | ||
| 008 | 070518s xx 000 0 eng d | ||
| 020 |
_a8187940069 : _cKES 4,200 |
||
| 040 |
_aKABU _cKABU |
||
| 050 | 0 |
_aQA76.73 _b.J38H84 2001 |
|
| 100 | 1 |
_aHughes, Martin. _@0000154487 |
|
| 245 | 1 | 0 |
_aJava network programming : _ba complete guide to networking streams and distributeed computing / _cMerlin Hughes ... et al.] |
| 260 |
_aPUNE, India : _bManish Goel, _c2001. |
||
| 300 | _axxxiii, 807 p. | ||
| 650 | 0 |
_aJava (Computer program language) _@0000148169 |
|
| 908 | _a070518 | ||
| 950 | _@1 | ||
| 999 |
_c2463 _d2463 |
||